000 00552nam a2200229Ia 4500
003 OSt
005 20221005132842.0
006 a|||||r|||| 00| 0
007 ta
008 221004b |||||||| |||| 00| 0 kan d
024 _a45884
037 _cTextual
040 _aCRL
_cCRL
_bkan
041 _2kan
_akan
082 _aQ21224, 33L2
100 _aVedavyas Au.
_9641757
245 0 _aVamana puranam
260 _c1972
650 _aRELIGION
942 _hQ21224, 33L2
_cTEXL
_2cc
999 _c1065026
_d1065026